1665 1912 1316 1377 1394 1218 1925 1856 1061 1407 1598 1557 1139 1533 1968 1948 1437 1956 1216 1192 1345 1157 1486 1452 1140 1977 1613 1291 1205 1205 1836 1805 1013 1026 1093 1840 1629 1709 1009 1663 1019 1888 1171 1384 1002 1550 1744 1110 1115 1986 1355 1648 1822 1099 1518 1980 1400 1170 1045 1949 1144 1886 1853 1645 1133 1178 1455 1473 1184 1106 1334 1240 1954 1305 1965 1046 1753 1997 1928 1574 1272 1551 1579 1003 1597 1464 1197 1664 1114 1149 1224 1187 1127 1582 1826 1117 1908 1825 1692 BCNSPRNW ULIB Ver.6.0+V

เปลี่ยนเป็นภาษาไทย

Change to English
 แสดงรายละเอียดบรรณานุกรม
  กลับหน้าหลัก

Brief Record : Get Marc (ISO 2709) : E-mail record : QR code < ปิดหน้าต่าง
LEADER : 00000nam 2200000uu 4500
001    13399111243
003     ULIB
008    110621s||||||||th 000 0 tha d
020    9741322321
050  4 BJ1725^bจ165จ 2546
100 0  วริยา ชินวรรโณ
245 00 จริยธรรมในวิชาชีพ /^cวริยา ชินวรรโณ, บรรณาธิการ
260    กรุงเทพฯ :^bโรงพิมพ์ชวนพิมพ์,^c2546
300    223 หน้า :^bภาพประกอบ
504    บรรณานุกรม : หน้า 223
650  7 จริยธรรม
650  7 จรรยาบรรณ
700 0  วริยา ชินวรรโณ
945    ^p120^l0^i016379
945    ^p120^l0^i016378
945    ^p120^l0^i016380
995    ทศพร
999 ^a ใช้งานได้ทุกระบบ
รายการนี้ยังไม่มีแท็ก
คุณยังไม่ได้ล็อกอิน คุณสามารถมีกิจกรรมร่วมกับเว็บไซต์ได้ แต่ต้องล็อกอินก่อน ::
  ล็อกอิน

รายการสื่อสารสนเทศ

ลำดับที่ ประเภท เลขเรียก/บาร์โค้ด สถานที่ สถานะ
- ไม่พบข้อมูล -

รายการใกล้เคียง
    หัวเรื่อง [จริยธรรม]
    หัวเรื่อง [จรรยาบรรณ]

BibComment


ยังไม่เคยถูกคอมเมนท์

คอมเมนท์ทรัพยากรรายการนี้
  คอมเมนท์: จริยธรรมในวิชาชีพ..


 Copyright 2026. Bcnsprnw @Library